Library Logo

Pioneer International University Library Catalogue

Quantitative methods for business / (Record no. 2398)

MARC details
000 -LEADER
fixed length control field 00647pam a2200193 a 4500
005 - DATE AND TIME OF LATEST TRANSACTION
control field 20250901165334.0
008 - FIXED-LENGTH DATA ELEMENTS--GENERAL INFORMATION
fixed length control field 850904s1986 mnua b 001 0 eng
010 ## - LIBRARY OF CONGRESS CONTROL NUMBER
LC control number 85020115
020 ## - INTERNATIONAL STANDARD BOOK NUMBER
International Standard Book Number 0314931473 :
Terms of availability $27.95
050 00 - LIBRARY OF CONGRESS CALL NUMBER
Classification number T56
Item number .A63 1986
082 00 - DEWEY DECIMAL CLASSIFICATION NUMBER
Classification number 658.4/033
Edition information 19
100 1# - MAIN ENTRY--PERSONAL NAME
Personal name Anderson, David R.
Fuller form of name (David Ray),
Dates associated with a name 1941-
245 10 - TITLE STATEMENT
Title Quantitative methods for business /
Statement of responsibility, etc. David R. Anderson, Dennis J. Sweeney, Thomas A. Williams.
250 ## - EDITION STATEMENT
Edition statement 3rd ed.
260 ## - PUBLICATION, DISTRIBUTION, ETC.
Place of publication, distribution, etc. St. Paul :
Name of publisher, distributor, etc. West Pub. Co.,
Date of publication, distribution, etc. c1986.
300 ## - PHYSICAL DESCRIPTION
Extent xxi, 751 p. :
Other physical details ill. (some col.) ;
Dimensions 27 cm.
500 ## - GENERAL NOTE
General note Includes index.
942 ## - ADDED ENTRY ELEMENTS (KOHA)
Source of classification or shelving scheme Library of Congress Classification
Classification part T56 .A53 1986
Holdings
Withdrawn status Lost status Source of classification or shelving scheme Damaged status Not for loan Home library Current library Shelving location Date acquired Total checkouts Full call number Barcode Date last seen Price effective from Koha item type
    Library of Congress Classification     Main Library Main Library   03/12/2021   T56 | .A63 1986 PIU0003584 03/12/2021 03/12/2021 Books